000 00706nam a22001937a 4500
005 20120119113250.0
020 _a9788124315408
_c55.00
082 _aS
100 _aJoshi, Yogesh
_939649
245 _aHumorous tales of Mulla Nasruddin 5 /
_cby Yogesh Joshi; illustrated by Siddhartha Mukherjee
260 _aMumbai
_bNavneet Publications,
_c200?
270 _aBhavani Shankar Road, Dadar
_bMumbai
_e400028
300 _a40p
_bill (col)
_c24 cm (Pbk)
490 _aClassic literature for children
_v5
_939650
500 _aset of 5 books
700 _aMukherjee, Siddhartha
_939552
942 _2ddc
_cCH
_hS
_mJOS
999 _c61186
_d61186